000 01228nam0a22003251 4500
001 v19\rc\1902915
005 20251118180813.1
035 _a(NLR Aleph) 005023426
090 _a6613693
_c6613693
100 _a20080404d1911 |||y0rusy50 ca
101 1 _arus
_cfre
102 _aRU
105 _ay z |||||
200 1 _aСкупой
_fМольер
_gДослов. и лит. пер. по изд. С[ергея] Манштейна
_gПод ред. М[ихаила] Гринфельда
210 _aОдесса
_cМ.С. Козман
_d[1911]
215 _a89 с.
_d18
225 1 _aИзбранные произведения немецких и французских писателей
700 0 _6z01790
_aМольер
_f1622-1673
702 1 _aМанштейн
_bС. А.
_f1858-
_gСергей Андреевич
_4100
702 1 _aГринфельд
_bМ. М.
_gМихаил Моисеевич
_4340
790 1 _6z01700
_aМольер
_bЖ.-Б.
_f1622-1673
_gЖан-Батист
801 0 _aRU
_bNLR
_gpsbo
801 0 _aRU
_bRuMoRGB
_2psbo
801 1 _aRU
_bProSoft-M
_2rusmarc
852 _aNLR
_j38.2.5.5
899 _aRuMoRGB
_jU 31/953
899 _aRuMoRGB
_jU 140/671
899 _aБАН
942 _cBOOK
980 _aNB